| 000 | 00985nam a22002897a 4500 | ||
|---|---|---|---|
| 001 | BR0602529 | ||
| 003 | BR-BrBNA | ||
| 005 | 20230928102201.0 | ||
| 007 | ta | ||
| 008 | 230509b bl.||||| |||| 00| 0 por d | ||
| 040 |
_aBR-BrBNA _bpor _cBiblioteca Nacional de Agricultura |
||
| 041 | _a(Por) | ||
| 072 | _aL70 | ||
| 090 | _ L70 BR0602529 | ||
| 100 | 1 | _aSouza Júnior, M.F. de | |
| 110 | 1 |
_aUniversidade Federal de Minas Gerais, Belo Horizonte (Brasil). Escola de Veterinária _0Tese (Mestre em Medicina Veterinária) |
|
| 245 | 1 | _aTeste de neutralização para toxina épsilon e titulação de toxinas beta e épsilon de Clostridium perfringens tipos C e D em cultura de células | |
| 260 | 3 |
_aBelo Horizonte, MG (Brasil): _c2005. |
|
| 300 | _a31 p. | ||
| 500 | _aSummaries (Eng, Por); Bibliography p. 27-31; 6 tables | ||
| 650 | _aENTEROTOXEMIA | ||
| 650 | _aCÉLULA | ||
| 650 | _aVACINA | ||
| 650 | _aTOXINA | ||
| 909 |
_a202309 _bLucia _c55 _dLucia Elande |
||
| 942 | _cBK | ||
| 999 |
_c69533 _d69533 |
||